000 00705nam a2200181Ia 4500
008 100920s9999 xx 000 0 und d
082 _b63352
_a61 थ 58
100 _aदेव लक्ष्मण.
245 _aकोड्यांची गोष्ट.
260 _bमुंबई सरकारच्या प्रसिध्दी खात्याकडून प्रकाशित.
_c1958
300 _a36
_bसाधी
365 _b0.25
520 _aस्थानिक वाचन.
630 _aकोड्यांची गोष्ट.
650 _aस्थानिक वाचन.
730 _aकोड्यांची गोष्ट.
942 _cBOOK
999 _c706432
_d706429